03799nam a2200277Ia 4500008004100000040001800041041000800059100003500067242076400102245006100866246076100927250010001688260010701788300007801895500079001973504002202763505022202785505030603007506002203313546002203335650005103357650004803408650001303456700002603469700002603495130821s1768 it gr lat  aCo-BoUCMbspa0 alat0 aBenedicto XIVcPapad1675-175800aBulario de nuestro Santísimo Señor el Papa Benedicto XIVnTomo PrimeropIncluye las Constituciones, Cartas (Letras) apostólicas y otras publicaciones: desde el inicio del pontificado hasta el año 1746nTomo SegundopIncluye las Constituciones, Cartas (Letras) apostólicas y otras publicaciones: desde el año 1746 hasta el año 1748nTomo TerceropIncluye las Constituciones, Cartas (Letras) apostólicas y otras publicaciones: desde finales de 1748 hasta culminar el año doce de su pontificado. Con apéndices y suplementonTomo CuartopIncluye las Constituciones, Cartas (Letras) apostólicas y otras publicaciones: desde el comienzo del año trece de su pontificado hasta culminar el año diecisiete del mismo. Con apéndicesyspa10aSanctissimi Domini Nostri Benedicti Papae XIV. Bullarium13a[Bulario de nuestro Santísimo Señor el Papa Benedicto XIVnTomo PrimeropIncluye las Constituciones, Cartas (Letras) apostólicas y otras publicaciones: desde el inicio del pontificado hasta el año 1746nTomo SegundopIncluye las Constituciones, Cartas (Letras) apostólicas y otras publicaciones: desde el año 1746 hasta el año 1748nTomo TerceropIncluye las Constituciones, Cartas (Letras) apostólicas y otras publicaciones: desde finales de 1748 hasta culminar el año doce de su pontificado. Con apéndices y suplementonTomo CuartopIncluye las Constituciones, Cartas (Letras) apostólicas y otras publicaciones: desde el comienzo del año trece de su pontificado hasta culminar el año diecisiete del mismo. Con apéndices] aEditio recentior [Edición recientísima]bauctior & emendatior [más ampliada y corregida] aVenecia (Italia)bapud Jacobum Caroboli, Dominicum Pompeati [Jacobo Caroboli y Domingo Pompeati]c1768 a4 tomosen 2 volúmenes[xx, 320 ; iv, 292 ; iv, 299 ; viii, 316 páginas aDetalles físicos: Encuadernación rígida (a la romana) en cartón duro forrado en pergamino, rotura en el lomo. Conserva guardas. Primera portada impresa a dos tintas, con un grabado (calcografía, elementos alusivos al pontificado; la inspiración del Espíritu Santo, la antigua tiara papal, el libro del Magisterio, el báculo patriarcal, las llaves de Pedro, enmarcados por una concha), manchada. Las otras portadas impresas a una sola tinta. Texto bien impreso en dos columnas muy densas. Algunas apostillas marginales. Signaturas y Reclamos. Algunas esquinas deterioradas por dobleces defectuosos. En la primera y tercera portada tres sellos de tinta: "El Colegio de Nuestra Señora del Rosario", "Del Colegio de Ntra. Sra. Del Rosario" y "Colegio Mayor del Rosario". aIncluye índice.0 aV.1-2 (1): Constituciones, Cartas y documentos pontificios de Benedicto XIV desde comienzo de su pontificado hasta 1746 ; V.1-2 (2): Constituciones, Cartas y Documentos pontificios de Benedicto XIV desde 1746 a 1748.0 aV.3-4 (3): Constituciones, Cartas y Documentos pontificios de Benedicto XIV desde 1748 hasta fines del año doce de su pontificado ; V.3-4 (4): Constituciones, Cartas y Documentos pontificios de Benedicto XIV desde comienzos del año trece de su pontificado, hasta finalizar el año 17 del mismo. aConsulta en sala. aTexto en latín.04aConcilios y sínodosxObras anteriores a 180004aDerecho canónicoxObras anteriores a 180004aIglesias1 aCaroboli, Jacoboeed.1 aPompeati, Domingoed.